| 000 | 00533nam a22001817a 4500 | ||
|---|---|---|---|
| 003 | CEME | ||
| 005 | 20210628210118.0 | ||
| 008 | 210215b xxu||||| |||| 00| 0 eng d | ||
| 020 | _a0-7680-0601-5 | ||
| 040 | _c. | ||
| 082 | _a629.2-SAE FUE | ||
| 100 |
_aSae _910299 |
||
| 245 | _aFuels and lubricants standards manual | ||
| 260 |
_aUSA _bSAE _c2000 |
||
| 300 | _a334P | ||
| 650 |
_aLUBRICANTS LUBRICATIONG OILS LUBRICATIONG OILS-MILITARY COMBAT,TACTICAL SERVICE LUBRICANTS-TWO STROKE GASOLINE ENGINES _978168 |
||
| 942 |
_cBK _2ddc |
||
| 999 |
_c583330 _d583330 |
||